00479 2200169 4500001002100000008004100021035002000062245008400082100001600166260003100182300002100213020002200234084001400256082000800270650001700278990001400295INLIS000000000000545 ind  a0010-0825000079 aDiary of An UnpopularitybI'm Not Special One, But This is My LifecCrowdedrina aCrowdedrina aJakarta :bLoveable,c2016 a628 hlm.c19 cm. a978-602-6922-25-0 a895 CRO d a895 aFiksi Remaja a000000715